000 00892nam a2200217 i 4500
001 45086
003 ES-MaACL
005 20251002204010.0
007 t|
008 030325s1972 sp ||||1| spa d
100 1 _aClavería, Carlos,
_d1909-1974
_9149212
245 1 0 _aEspaña en Europa
_b: aspectos de la difusión de la lengua y las letras españolas desde el siglo XVI : discurso leído el día 13 de febrero de 1972 en su recepción /
_cpor Carlos Claveria Lizana y contestación de Emilio García Gómez.
260 _aMadrid :
_b[Ediciones Castilla],
_c1972.
300 _a133 p. ;
_c24 cm.
500 _aPrecede al tít.: Real Academia Española.
650 0 7 _aLiteratura española
_2embne
_914539
700 1 _aGarcía Gómez, Emilio,
_d1905-1995
_954690
710 2 _aReal Academia Española
_96336
852 _aES-MaACL
_jC-40971
_bR.80611
999 _c45086
_d45086